000
00246nam a2200097Ia 4500
001
790538
005
20250826170553.0
008
250824s9999 xx 000 0 und d
245
0
_a
ÇANAKKALE MACERASI
_c
ASENA MERİÇ
260
_b
YEDİVEREN YAYINLARI
999
_c
790538
_d
790538